| 000 | 00610na a2200229 4500 | ||
|---|---|---|---|
| 001 | 14000 | ||
| 003 | MIRAKIL | ||
| 005 | 20181213154929.0 | ||
| 008 | 160901b tu 000 0 | ||
| 020 | _a9786054457069 | ||
| 035 | _a14000 | ||
| 040 |
_aMilas _btur _cTR-AnCHP |
||
| 082 |
_a923.2 Kalemli,M. _bK24z 2011 |
||
| 090 | _a923.2 Kalemli,M. K24z 2011 | ||
| 100 | _aKalemli, Mustafa | ||
| 245 |
_aZor yıllarım _cMustafa Kalemli |
||
| 260 |
_aAnkara _b[yayl. y.] _c2011 |
||
| 300 |
_a240 s. _c20 sm. |
||
| 600 |
_aKalemli, Mustafa _xAnılar |
||
| 650 |
_aSiyasetçiler _zTürkiye |
||
| 942 |
_2ddc _cBKS |
||
| 999 |
_c3380 _d3380 |
||